Movies Quiz

Random Movies or Actress Quiz
Score 0/50 Timer 07:00
0 Plays Today
Movie Actor % Correct
The GodfatherMarlon Brando...
97.5%
The Godfather: Part IIAl Pacino...
96.7%
Apocalypse NowMartin Sheen...
96.6%
Star WarsHarrison Ford...
94.1%
A Streetcar Named DesireVivien Leigh...
93.6%
One Flew Over the Cuckoo's Nest Jack Nicholson...
92.2%
On the WaterfrontMarlon Brando...
91.5%
Raging BullRobert De Niro...
91.1%
Chinatown Faye Dunaway...
91%
It's a Wonderful LifeJames Stewart...
90.4%
The Graduate Anne Bancroft...
89.6%
Midnight CowboyDustin Hoffman...
88.9%
The Philadelphia StoryCary Grant...
88.7%
Rear Window Grace Kelly...
88.3%
Citizen Kane Orson Welles...
87.6%
The Sound of Music Julie Andrews...
87.5%
Some Like It HotMarilyn Monroe...
87%
Annie HallWoody Allen...
86.6%
Casablanca Ingrid Bergman...
86.6%
Gone with the WindVivien Leigh...
86.4%
Vertigo James Stewart...
85.6%
Mr. Smith Goes to WashingtonJean Arthur...
85.2%
All About EveBette Davis...
84.5%
The Lord of the Rings: The Fellowship of the Ring Ian McKellen...
84.2%
The Maltese FalconHumphrey Bogart...
84.2%
Movie Actor % Correct
Schindler's ListLiam Neeson...
83.9%
The Treasure of the Sierra MadreWalter Huston...
83.8%
The Wizard of OzJudy Garland...
83.2%
E.T. the Extra-Terrestrial Henry Thomas...
78.7%
Psycho Anthony Perkins...
78.1%
Singin' in the RainGene Kelly...
78%
The SearchersJohn Wayne...
77.7%
Lawrence of Arabia Peter O'Toole...
76.8%
High NoonGary Cooper...
76.8%
To Kill a MockingbirdGregory Peck...
76%
Bonnie and ClydeWarren Beatty...
74.3%
It Happened One NightClark Gable...
72.9%
Dr. StrangelovePeter Sellers...
66.9%
The Best Years of Our LivesFredric March...
66.7%
City LightsCharlie Chaplin...
64.8%
Sunset BoulevardGloria Swanson...
63.8%
The GeneralBuster Keaton...
59.5%
The Grapes of WrathHenry Fonda...
53.6%
The Bridge on the River KwaiAlec Guinness...
51.2%
King KongFay Wray...
51.2%
2001: A Space OdysseyKeir Dullea...
49%
ShaneJean Arthur...
42.7%
Double IndemnityBarbara Stanwyck...
29.3%
IntoleranceLillian Gish...
16.5%
Snow White and the Seven DwarfsStuart Buchanan...
6.3%
Remove Ads.
Support Sporcle.
Get the best of Sporcle when you Go Orange. This ad-free experience offers more features, more stats, and more fun while also helping to support Sporcle. Thank you for becoming a member.

You're not logged in!

Compare scores with friends on all Sporcle quizzes.
OR
Log In

Show Comments

Extras

Top Quizzes Today


Score Distribution

Your Account Isn't Verified!

In order to create a playlist on Sporcle, you need to verify the email address you used during registration. Go to your Sporcle Settings to finish the process.

Report this User

Report this user for behavior that violates our Community Guidelines.

Details: